01049nam a2200157Ia 4500008004100000020001500041050002500056100004100081245010100122250001900223260003300242300001800275490002500293505055100318650002200869120626s2006 mx 000 0 spa d a9700767272 aPQ8519.Q5 bA16 2006 aQuiroga, Horaciod, 1878-1937eautor aMás cuentos ; cuentos de la selvac / Horacio Quiroga; introducción de Arturo Soito Alabarce a12a. edición aMéxicob: Porrúac, 2006 a215 páginas aSepan cuantosv: 347 aLa tortuga gigante Las medias de los flamencos La guerra de los yacarés La gama ciega Historia de dos cachorros de coatí y de dos cachorros de hombre El salvaje Los cazadores de ratas Cuadrivio laico Cuento para novios Estefanía La llama El simún El yacicataré En la noche En la noche Las rayas El vampiro La mancha hiptálmica Dieta de amor Un peón El espectro El león La patria Van - Houten La cámara oscura El llamado puritano Su ausencia La bella y la bestia El ocaso 0aCUENTOS URUGUAYOS